Arquitectura y urbanismo en Nueva España (Record no. 4)

MARC details
000 -CABECERA
campo de control de longitud fija 00848nam a2200229 a 4500
001 - NÚMERO DE CONTROL
campo de control BRCA_4
005 - FECHA Y HORA DE LA ÚLTIMA TRANSACCIÓN
campo de control 20190320202834.0
008 - DATOS DE LONGITUD FIJA--INFORMACIÓN GENERAL
campo de control de longitud fija 930817s1992 mx-a---##b---#000-0#spa-#
020 ## - NÚMERO INTERNACIONAL ESTÁNDAR DEL LIBRO
Número Internacional Estándar del Libro 9686084495
050 #4 - SIGNATURA TOPOGRÁFICA DE LA BIBLIOTECA DEL CONGRESO
Número de clasificación N6553
Número de documento/Ítem .A78
-- 1992
100 1# - ENTRADA PRINCIPAL--NOMBRE DE PERSONA
Nombre de persona Sartor, Mario
Fechas asociadas al nombre 1946-
9 (RLIN) 16
245 10 - MENCIÓN DE TÍTULO
Título Arquitectura y urbanismo en Nueva España
Resto del título Siglo XVI
Mención de responsabilidad, etc. Mario Sartor ; presentación de Carlos Chanfón Olmos.
260 ## - PUBLICACIÓN, DISTRIBUCIÓN, ETC.
Lugar de publicación, distribución, etc. [México]
Nombre del editor, distribuidor, etc. Grupo Azabache
Fecha de publicación, distribución, etc. [1992]
300 ## - DESCRIPCIÓN FÍSICA
Extensión 285, [1] p.
Otras características físicas il. (algunas a color)
Dimensiones 30 cm.
440 #0 - MENCIÓN DE SERIE/PUNTO DE ACCESO ADICIONAL--TÍTULO
Título Arte novohispano
Designación de volumen o secuencia 2
9 (RLIN) 17
504 ## - NOTA DE BIBLIOGRAFÍA, ETC.
Nota de bibliografía, etc. Bibliografía: p. 281-[286]
650 14 - PUNTO DE ACCESO ADICIONAL DE MATERIA--TÉRMINO DE MATERIA
Término de materia o nombre geográfico como elemento de entrada Arquitectura española colonial
Subdivisión general Historia
Subdivisión cronológica Siglo XVI
Subdivisión geográfica México
9 (RLIN) 18
650 14 - PUNTO DE ACCESO ADICIONAL DE MATERIA--TÉRMINO DE MATERIA
Término de materia o nombre geográfico como elemento de entrada Instituciones católicas
Subdivisión general Edificios
Subdivisión geográfica México
9 (RLIN) 19
653 0# - TÉRMINO DE INDIZACIÓN--NO CONTROLADO
Término no controlado Arquitectura civil y religiosa en la Nueva España
700 1# - PUNTO DE ACCESO ADICIONAL--NOMBRE DE PERSONA
Nombre de persona Chanfón Olmos, Carlos
9 (RLIN) 20
942 ## - ELEMENTOS DE PUNTO DE ACCESO ADICIONAL (KOHA)
Fuente del sistema de clasificación o colocación Library of Congress Classification
Tipo de ítem Koha Libros
Holdings
Estado de retiro Estado de pérdida Estado dañado No para préstamo Localización permanente Ubicación/localización actual Fecha de adquisición Total de préstamos Signatura topográfica completa Código de barras Fecha visto por última vez Precio válido a partir de Tipo de ítem Koha
El ejemplar forma parte de la colección y puede ser consultado según las políticas vigentes.       Biblioteca del Museo Franz Mayer (Rogerio Casas-Alatriste) Biblioteca del Museo Franz Mayer (Rogerio Casas-Alatriste) 24/06/2008   N6553 .A78 1992 00923 22/03/2019 22/03/2019 Libros